<?xml version="1.0" encoding="UTF-8"?>
<record
    xmlns:xsi="http://www.w3.org/2001/XMLSchema-instance"
    xsi:schemaLocation="http://www.loc.gov/MARC21/slim http://www.loc.gov/standards/marcxml/schema/MARC21slim.xsd"
    xmlns="http://www.loc.gov/MARC21/slim">

  <leader>02412nam a2200313 a 4500</leader>
  <controlfield tag="001">BRCA_3341</controlfield>
  <controlfield tag="005">20190320204232.0</controlfield>
  <controlfield tag="008">250309s1885----enk#---###---#000-0#eng-#</controlfield>
  <datafield tag="041" ind1=" " ind2=" ">
    <subfield code="a">eng</subfield>
  </datafield>
  <datafield tag="044" ind1=" " ind2=" ">
    <subfield code="a">enk</subfield>
  </datafield>
  <datafield tag="084" ind1=" " ind2=" ">
    <subfield code="a">635</subfield>
    <subfield code="b">.S65</subfield>
    <subfield code="c">1885</subfield>
  </datafield>
  <datafield tag="100" ind1="1" ind2=" ">
    <subfield code="a">Cervantes Saavedra, Miguel de</subfield>
    <subfield code="d">1547-1616</subfield>
    <subfield code="9">213</subfield>
  </datafield>
  <datafield tag="245" ind1="1" ind2="0">
    <subfield code="a">Ingenious Gentleman Don Quixote of la Mancha</subfield>
    <subfield code="c">By Miguel de Cervantes Saavedra; A Translation with Introduction and Notes by John Ormsby.</subfield>
  </datafield>
  <datafield tag="260" ind1=" " ind2=" ">
    <subfield code="a">Londres</subfield>
    <subfield code="b">Elder Smith and Co.</subfield>
    <subfield code="c">1885</subfield>
  </datafield>
  <datafield tag="300" ind1=" " ind2=" ">
    <subfield code="a">4 v.</subfield>
    <subfield code="c">23 cm.</subfield>
    <subfield code="e">mapa de la mancha</subfield>
  </datafield>
  <datafield tag="500" ind1=" " ind2=" ">
    <subfield code="a">Contenido : v.1. Primera parte. Mapa. Biograf&#xED;a de Cervantes y Don Quijote por Ormsby. Pr&#xF3;logo del autor. Versos preliminares. Notas. -- v.2. Primera parte. Texto. Notas. -- v.3. Segunda parte. Pr&#xF3;logo del autor. Notas. -- v.4. Segunda parte. Texto. Notas. Ap&#xE9;ndices: I. Proverbios de Don Quijote II. Libros de caballer&#xED;a espa&#xF1;oles III. Bibliograf&#xED;a de las ediciones y traducciones del Quijote</subfield>
  </datafield>
  <datafield tag="500" ind1=" " ind2=" ">
    <subfield code="a">Traducci&#xF3;n de J. Ormsby, una de las mejores, no solo inglesas si no en general. Se distingue de otras ediciones por haberla vertido su traductor al ingl&#xE9;s moderno y prove&#xED;do de notas y comentarios que manifiestan un notable saber del renombrado hispanista ingles. As&#xED;, en la biograf&#xED;a de Cervantes revela no usuales conocimientos referentes a esta materia, y en las p&#xE1;ginas dedicadas al Quijote expone su punto de vista analizando la obra y, se&#xF1;alando a la par las multiples bellezas que adornan la novela. Sin embargo, presta mas atenci&#xF3;n a la forma que al contenido, a la letra que al esp&#xED;ritu. Tiene, adem&#xE1;s, el m&#xE9;rito de haber conservado el escudo de la primera edici&#xF3;n de Juan de la Cuesta, omitido por la abrumadora mayor&#xED;a de las dem&#xE1;s ediciones en cualquier idioma. La parte tipogr&#xE1;fica de esta edici&#xF3;n, hecha con extremo cuidado, no deja nada que desear. Tela L&#xFA;dovik Osterc</subfield>
  </datafield>
  <datafield tag="500" ind1=" " ind2=" ">
    <subfield code="a">Estado f&#xED;sico : Lomo del v.1 parcialmente desprendido</subfield>
  </datafield>
  <datafield tag="500" ind1=" " ind2=" ">
    <subfield code="a">QM485</subfield>
  </datafield>
  <datafield tag="546" ind1=" " ind2=" ">
    <subfield code="a">Texto en : ingl&#xE9;s</subfield>
  </datafield>
  <datafield tag="650" ind1="1" ind2="4">
    <subfield code="a">Novela espa&#xF1;ola</subfield>
    <subfield code="y">&#xC9;poca cl&#xE1;sica, 1500-1700</subfield>
    <subfield code="9">215</subfield>
  </datafield>
  <datafield tag="650" ind1="1" ind2="4">
    <subfield code="a">Literatura espa&#xF1;ola</subfield>
    <subfield code="y">&#xC9;poca cl&#xE1;sica, 1500-1700</subfield>
    <subfield code="9">216</subfield>
  </datafield>
  <datafield tag="650" ind1="1" ind2="4">
    <subfield code="a">Novela espa&#xF1;ola</subfield>
    <subfield code="y">Siglo XVII</subfield>
    <subfield code="9">217</subfield>
  </datafield>
  <datafield tag="650" ind1="1" ind2="4">
    <subfield code="a">Don Quijote (Personaje ficticio)</subfield>
    <subfield code="e">Novela</subfield>
    <subfield code="9">218</subfield>
  </datafield>
  <datafield tag="700" ind1="1" ind2=" ">
    <subfield code="a">Ormsby, John</subfield>
    <subfield code="d">1829-1895</subfield>
    <subfield code="e">Editor</subfield>
    <subfield code="9">8827</subfield>
  </datafield>
  <datafield tag="740" ind1="0" ind2=" ">
    <subfield code="a">El Ingenioso Hidalgo Don Quijote de la Mancha</subfield>
  </datafield>
  <datafield tag="902" ind1=" " ind2=" ">
    <subfield code="a">QFM</subfield>
  </datafield>
  <datafield tag="942" ind1=" " ind2=" ">
    <subfield code="2">lcc</subfield>
    <subfield code="c">B</subfield>
  </datafield>
  <datafield tag="999" ind1=" " ind2=" ">
    <subfield code="c">3077</subfield>
    <subfield code="d">3077</subfield>
  </datafield>
  <datafield tag="952" ind1=" " ind2=" ">
    <subfield code="0">0</subfield>
    <subfield code="1">0</subfield>
    <subfield code="4">0</subfield>
    <subfield code="7">0</subfield>
    <subfield code="a">BRCA</subfield>
    <subfield code="b">BRCA</subfield>
    <subfield code="d">2009-03-25</subfield>
    <subfield code="i">QM485</subfield>
    <subfield code="l">0</subfield>
    <subfield code="o">635 .S65 1885 (QM485)</subfield>
    <subfield code="p">3338</subfield>
    <subfield code="r">2019-03-22 00:00:00</subfield>
    <subfield code="w">2019-03-22</subfield>
    <subfield code="y">B</subfield>
  </datafield>
</record>
